| 000 | 00456cam a2200169Ia 4500 | ||
|---|---|---|---|
| 020 | _a0851988679 (pbk) | ||
| 040 | _cUKM | ||
| 082 | _a631 CAB 1994 C140 Or. | ||
| 100 | 1 | _aDavies, Frederick S | |
| 245 | 1 | 0 | _aCitrus / |
| 260 |
_aWallingford, Oxon : _bCAB International, _cc1994 |
||
| 300 |
_aviii, 254 p. : _bill. ; _c24 cm |
||
| 490 | 1 | _aCrop production science in horticulture ; | |
| 650 | 0 | _aCitrus fruits | |
| 700 | 1 | _aAlbrigo, L. Gene | |
| 942 | _cEK | ||
| 999 |
_c19219 _d19219 |
||